<?xml version="1.0" encoding="UTF-8"?>
<record
    xmlns:xsi="http://www.w3.org/2001/XMLSchema-instance"
    xsi:schemaLocation="http://www.loc.gov/MARC21/slim http://www.loc.gov/standards/marcxml/schema/MARC21slim.xsd"
    xmlns="http://www.loc.gov/MARC21/slim">

  <leader>02660nam a2200337   4500</leader>
  <controlfield tag="001">113455</controlfield>
  <controlfield tag="003">DR-UNIBE</controlfield>
  <controlfield tag="005">20250428144957.0</controlfield>
  <controlfield tag="008">250415b2023    dr ||||| |||| 00| 0 spa d</controlfield>
  <datafield tag="020" ind1=" " ind2=" ">
    <subfield code="a">9789945250787</subfield>
  </datafield>
  <datafield tag="040" ind1=" " ind2=" ">
    <subfield code="a">BIBLIOTECA UNIBE</subfield>
    <subfield code="b">spa</subfield>
    <subfield code="c">BIBLIOTECA UNIBE</subfield>
    <subfield code="e">rda</subfield>
  </datafield>
  <datafield tag="041" ind1=" " ind2=" ">
    <subfield code="a">spa</subfield>
  </datafield>
  <datafield tag="082" ind1=" " ind2=" ">
    <subfield code="2">22</subfield>
    <subfield code="a">RD 330.97293 C343h 2023</subfield>
  </datafield>
  <datafield tag="100" ind1="1" ind2="0">
    <subfield code="a">Cassa, Roberto,</subfield>
    <subfield code="d">1948-</subfield>
    <subfield code="q">(Cass&#xE1; Bernaldo de Quir&#xF3;s, Roberto)</subfield>
    <subfield code="9">17714</subfield>
    <subfield code="e">autor</subfield>
  </datafield>
  <datafield tag="245" ind1="1" ind2="0">
    <subfield code="a">Historia social y econ&#xF3;mica de la Rep&#xFA;blica Dominicana / </subfield>
    <subfield code="c">Roberto Cass&#xE1; ; presentaci&#xF3;n; Natalia Gonz&#xE1;lez Tejera ; edici&#xF3;n: Aimara Vega ;  diagramaci&#xF3;n: Eric Sim&#xF3;, Juan Francisco Dominguez Novas ; Cubierta: Eric Simo ; fotograf&#xED;as:  fondo del Archivo General de la Naci&#xF3;n ; &#xF3;leo de cubierta: Carlos Hidalgo</subfield>
  </datafield>
  <datafield tag="250" ind1=" " ind2=" ">
    <subfield code="a">edici&#xF3;n corregida y ampliada</subfield>
  </datafield>
  <datafield tag="260" ind1=" " ind2=" ">
    <subfield code="a">Santo Domingo : </subfield>
    <subfield code="b">Universidad Aut&#xF3;noma de Santo Domingo. Facultad de Humanidades :</subfield>
    <subfield code="b">Archivo General de la Nacion (AGN),</subfield>
    <subfield code="c">2023</subfield>
  </datafield>
  <datafield tag="300" ind1=" " ind2=" ">
    <subfield code="a">vol&#xFA;menes :</subfield>
    <subfield code="b">fotos b/n, cuadros ;</subfield>
    <subfield code="c">27 x 20 cm</subfield>
  </datafield>
  <datafield tag="490" ind1=" " ind2=" ">
    <subfield code="a">Archivo General de la Naci&#xF3;n ;</subfield>
    <subfield code="v">496</subfield>
  </datafield>
  <datafield tag="500" ind1=" " ind2=" ">
    <subfield code="a">Biblioteca tiene volumen II.  Cubierta: Carlos Hidalgo, sin t&#xED;tulo, &#xF3;leo sobre lienzo 40" x 50", colecci&#xF3;n patrimonial de la UASD</subfield>
  </datafield>
  <datafield tag="505" ind1=" " ind2=" ">
    <subfield code="a">Presentaci&#xF3;n |
Palabras preliminares |
Cap&#xED;tulo I. Econom&#xED;a y relaciones sociales hasta 1880 |
Cap&#xED;tulo II. Conformaci&#xF3;n del Estado nacional |
Cap&#xED;tulo III. Anexi&#xF3;n y restauraci&#xF3;n |
Cap&#xED;tulo IV. Caudillismo, anexionismo y nacionalismo |
Cap&#xED;tulo V, Econom&#xED;a exportadora y surgimiento del capitalismo |
Cap&#xED;tulo VI. Liberalismo y dictadura |
Cap&#xED;tulo VII. Resurgimiento del caudillismo y dominio financiero |
Cap&#xED;tulo VIII. Ocupaci&#xF3;n militar estadounidense |
Cap&#xED;tulo IX. Implementaci&#xF3;n y primera parte de la dictadura de Trujillo |
Cap&#xED;tulo X. Madurez y crisis de la dictadura |
Cap&#xED;tulo XI. Luchas sociales y pol&#xED;ticas desde 1961 y revoluci&#xF3;n de abril |
Cap&#xED;tulo XII. Los doce a&#xF1;os |
Cap&#xED;tulo XIII. Procesos econ&#xF3;micos de las &#xFA;ltimas d&#xE9;cadas del siglo XX |
Cap&#xED;tulo XIV. Transici&#xF3;n democr&#xE1;tica y par&#xE1;metros sociales finiseculares |
Bibliograf&#xED;a
</subfield>
  </datafield>
  <datafield tag="651" ind1=" " ind2="7">
    <subfield code="2">lemb</subfield>
    <subfield code="a">Rep&#xFA;blica Dominicana</subfield>
    <subfield code="x">Condiciones econ&#xF3;micas</subfield>
    <subfield code="9">580</subfield>
  </datafield>
  <datafield tag="651" ind1=" " ind2="7">
    <subfield code="2">lemb</subfield>
    <subfield code="a">Rep&#xFA;blica Dominicana</subfield>
    <subfield code="x">Condiciones sociales</subfield>
    <subfield code="9">2703</subfield>
  </datafield>
  <datafield tag="651" ind1=" " ind2="7">
    <subfield code="a">Rep&#xFA;blica Dominicana</subfield>
    <subfield code="x">Historia</subfield>
    <subfield code="9">1416</subfield>
  </datafield>
  <datafield tag="700" ind1="1" ind2="0">
    <subfield code="a">Vera River&#xF3;n, Aimara</subfield>
    <subfield code="9">99221</subfield>
    <subfield code="e">editor</subfield>
  </datafield>
  <datafield tag="700" ind1="1" ind2="0">
    <subfield code="a">Gonz&#xE1;lez Tejera, Natalia</subfield>
    <subfield code="9">78604</subfield>
    <subfield code="e">presentador</subfield>
  </datafield>
  <datafield tag="700" ind1="1" ind2="0">
    <subfield code="a">Sim&#xF3;, Eric</subfield>
    <subfield code="9">31870</subfield>
    <subfield code="e">diagranador</subfield>
    <subfield code="e">cubierta</subfield>
  </datafield>
  <datafield tag="700" ind1="1" ind2="0">
    <subfield code="a">Dom&#xED;nguez Novas, Juan Francisco </subfield>
    <subfield code="9">127336</subfield>
    <subfield code="e">diagramador</subfield>
  </datafield>
  <datafield tag="700" ind1="1" ind2="0">
    <subfield code="a">Hidalgo, Carlos</subfield>
    <subfield code="9">194291</subfield>
    <subfield code="e">pintor &#xF3;leo de cubierta</subfield>
  </datafield>
  <datafield tag="942" ind1=" " ind2=" ">
    <subfield code="2">ddc</subfield>
    <subfield code="c">BK</subfield>
  </datafield>
  <datafield tag="999" ind1=" " ind2=" ">
    <subfield code="c">113455</subfield>
    <subfield code="d">113455</subfield>
  </datafield>
  <datafield tag="952" ind1=" " ind2=" ">
    <subfield code="0">0</subfield>
    <subfield code="1">0</subfield>
    <subfield code="2">ddc</subfield>
    <subfield code="7">0</subfield>
    <subfield code="8">GEN-RD</subfield>
    <subfield code="a">Principal</subfield>
    <subfield code="d">2025-04-28</subfield>
    <subfield code="l">0</subfield>
    <subfield code="o">RD 330.97293 C343h 2023</subfield>
    <subfield code="p">250486</subfield>
    <subfield code="r">2025-04-15 11:25:46</subfield>
    <subfield code="t">Vol. II ; Ej.1</subfield>
    <subfield code="w">2025-04-15</subfield>
    <subfield code="y">BK</subfield>
  </datafield>
</record>
